| 000 | 00443cam a22001337a 4500 | ||
|---|---|---|---|
| 999 |
_c508463 _d508463 |
||
| 008 | 180718b1985 xxu||||| |||| 00| 0 eng d | ||
| 082 | _aL1:B136x5442 /1981-82 | ||
| 100 |
_aMaharashtra. Rural Development Department _93793 |
||
| 245 |
_aPerformance budget, 1981-82 _cby Rural Development Department |
||
| 260 |
_aNagpur _bGovernment of Maharashtra _c1982 |
||
| 300 | _a410p. | ||
| 500 | _aLibrary has 1981-82, 1984-85 and 1988-89 | ||
| 942 | _2ddc | ||